[Event "Cali Valle Colombia op-B"]
[Site "Cali Valle Colombia"]
[Date "2022.12.29"]
[Round "7"]
[White "Bautista Luis, Fernando"]
[Black "Velasquez Soto, Jair Andres"]
[Result "1-0"]
[WhiteElo "1304"]
[BlackElo "1641"]
[PlyCount "119"]
[EventDate "2022.12.26"]
[EventType "swiss"]
[EventRounds "8"]
[EventCountry "COL"]
[SourceTitle "CBM 211 Extra"]
[Source "ChessBase"]
[SourceDate "2023.01.31"]
[SourceVersion "1"]
[SourceVersionDate "2023.01.31"]
[SourceQuality "1"]

1. d4 d6 2. Bf4 Nf6 3. e3 g6 4. Be2 c6 5. c3 Bg7 6. Nf3 Nbd7 7. Nbd2 c5 8. 0-0 cxd4 9. exd4 0-0 10. Re1 b6 11. Bd3 Bb7 12. Qc2 Re8 13. Re2 Nf8 14. Rae1 Ne6 15. Bg3 Nh5 16. Bc4 Nxg3 17. hxg3 d5 18. Bb5 Rf8 19. Ne5 Bxe5 20. Rxe5 a6 21. Bd3 Bc8 22. Nf3 Ra7 23. Qd2 Kg7 24. Qe3 Re8 25. Nh4 Nf8 26. Qd2 e6 27. f4 Nd7 28. R5e2 Nf6 29. Nf3 Ng4 30. Ne5 Nxe5 31. fxe5 a5 32. Rf2 Ba6 33. Ref1 Bxd3 34. Qxd3 Qg5 35. Rf6 Ree7 36. a4 Rec7 37. R1f4 Qh6 38. Qb5 Rab7 39. Qd3 Kg8 40. g4 Rc4 41. b3 Rcc7 42. Qf3 Qf8 43. Rxe6 Qa3 44. Re8+ Kg7 45. Qxd5 Qc1+ 46. Rf1 Qe3+ 47. Kh2 Qh6+ 48. Kg3 Rxc3+ 49. Rf3 Rbc7 50. Qd8 Qh1 51. Qf6+ Kh6 52. Qf4+ Kg7 53. g5 Rxf3+ 54. Qxf3 f5 55. gxf6+ Kf7 56. e6+ Kxe8 57. f7+ Kf8 58. Qa8+ Ke7 59. f8Q+ Kxe6 60. Qe4+ 1-0